000 00818nam a22002297a 4500
999 _c2491
_d2491
003 AR-CdUCM
008 190304b ||||| |||| 00| 0 spa d
040 _aMUNICIPALIDAD PROVINCIAL DEL CUSCO
_cBIBLIOTECA MUNICIPAL DEL CUSCO
041 _hger
082 _a985.065 /
_bI38
100 _aIlin, M
_91987
245 _aNegro sobre blanco /
260 _aMadrid :
_bM. Aguilar Editor,
_c1948.
300 _a150 Páginas ;
_bIlustraciones,
_c17cm.
505 _aContenido: Los libros vivos -- Nudos y colores -- Los objetos parlantes -- La carta en imágenes -- Inscripciones enigmáticas -- Y las letras viajaron...
650 _aHistoria de la escritura
_98880
650 _aPrimeros hombres
_98881
650 _aInterpretación
_9994
650 _aObjetos parlantes
_98882
942 _2ddc
_cLIBROS
945 _adavv